000
00259nam a2200109Ia 4500
008
200302s9999 xx 000 0 und d
100
_a
Rowland Mainstone
245
_a
Developments in Structural Form
260
_b
The Mit Press
260
_c
1975
300
_a
350 P.,
999
_c
72
_d
72